[Event "Sofia MTel Masters 5th"]
[Site "Sofia"]
[Date "2009.05.23"]
[Round "10"]
[White "Wang, Yue"]
[Black "Topalov, Veselin"]
[Result "1/2-1/2"]
[WhiteElo "2738"]
[BlackElo "2812"]
[Annotator "Krasenkow,M"]
[PlyCount "66"]
[EventDate "2009.05.13"]
[EventType "tourn"]
[EventRounds "10"]
[EventCountry "BUL"]
[EventCategory "21"]
[SourceTitle "CBM 131"]
[Source "ChessBase"]
[SourceDate "2009.07.15"]
[SourceVersion "1"]
[SourceVersionDate "2009.07.15"]
[SourceQuality "1"]

1. d4 Nf6 2. c4 g6 3. Nc3 d5 4. Bf4 Bg7 5. e3 c5 6. dxc5 Qa5 7. Rc1 dxc4 8.
Bxc4 O-O 9. Nge2 Qxc5 10. Qb3 Nc6 11. Nb5 Qh5 12. Ng3 Qh4 13. Nc7 e5 {For this
line - see opening survey in CBM 124. However, a number of important games
have been played since then.} 14. Bg5 (14. Bxe5 Nxe5 15. Nxa8 {is another
important option.}) 14... Qxg5 15. h4 (15. Nxa8 e4 16. O-O h5 (16... Qe5 $5 {
[%cal Re5b8]} 17. Be2 Qe7 $6 (17... h5) 18. Qa3 Qe5 19. b4 Bd7 20. b5 Rxa8 21.
bxc6 Bxc6 22. Rfd1 $16 {1-0 Kuzubov,Y-Swinkels,R/Neuhausen 2007/CBM 119 ext 
(58)}) 17. Ne2 (17. Nc7 h4 18. Ne2 Bh3 (18... Ne5 $44) 19. Nf4 Bxg2 20. Nce6
Qg4 21. Nxg2 h3 22. Nef4 Ne5 23. Be2 Nf3+ 24. Kh1 hxg2+ 25. Nxg2 g5 $1 $44 {
[%cal Rg4h3] 1/2-1/2 Bhat,V-Gupta,A/Benasque 2008/CBM 125 Extra (32)}) 17...
Ng4 18. Nf4 Bf5 (18... Be5 $5 19. h3 Nf6 20. Rfd1 Kg7 21. Bf1 Nd4 22. Rxd4 Bxd4
23. Rxc8 Rxc8 24. Ne6+ fxe6 25. Qxb7+ Kh6 26. Qxc8 Bxe3 27. Qf8+ Kh7 28. Qf7+
Kh6 29. Qf8+ {1/2-1/2 Berczes,D-Braun,A/Balatonlelle 2006/CBM 113 ext}) 19. Nc7
(19. Qxb7 Nd4 $132) 19... Nd4 20. exd4 Qxf4 21. Qg3 Qxg3 22. hxg3 Bxd4 23. Be2
e3 $44 {1/2-1/2 Socko,B-Naiditsch,A/Dresden 2008/CBM 128 (51)}) 15... Qg4 16.
Nxa8 Qd7 $146 {[%mdl 8] An attempt to trap the a8 knight after all. The
alternatives seen in practice are:} (16... Na5 17. Qb5 Nxc4 18. Rxc4 Bd7 (18...
e4 $5) 19. Qb4 e4 20. Nc7 $1 (20. Qxb7 Be6 {[%cal Cc4d4,Cb7a7,Re6c4,Re6d5]} 21.
Rd4 Nd7 $1 22. Rxd7 (22. Rxe4 Nc5) 22... Bxd7 23. Nc7 Be5 {[%cal Cg3e4,Re5g3,
Rf8c8]} 24. O-O Qxh4 25. Qxa7 Bxb2 $11 {1-0 Mamedyarov,S-Eljanov,P/Gothenburg
2005/CBM 124/[Krasenkow] (65)}) 20... Bc6 $1 21. Qd6 Nh5 $6 (21... Nd7 $5) 22.
Nxh5 Qxh5 23. Rc5 Qg4 24. Rg5 Qc8 25. Nd5 Bxd5 26. Rxd5 Qc1+ 27. Rd1 Qxb2 28.
Qd5 $16 {1-0 Blanco Gramajo,C-Tuvshintugs,B/Ledyards 2006/CBM 111 ext (48)}) (
16... e4 17. Nc7 Na5 (17... Ne5 18. Be2 Nd3+ 19. Bxd3 exd3 20. Rc4 (20. Qxd3 $5
) 20... Qd7 21. O-O a6 22. Rd1 b5 23. Rcc1 Rd8 24. e4 Bh6 25. Rc3 d2 26. e5 Ng4
27. e6 $16 {1-0 Van Ketel,R-Zimmerman,L/Leiden 2008/CBM 125 Extra (29)}) 18.
Qb5 Nxc4 19. Qxc4 Bd7 20. Nd5 Nxd5 21. Qxd5 Bxb2 22. Rc2 Bc6 23. Qg5 Qxg5 24.
hxg5 Be5 25. Ne2 Rd8 26. Rd2 Re8 $6 (26... Bc7 $1 27. Rxd8+ Bxd8 28. Nd4 Bd5
$13) 27. O-O Kg7 28. Rc1 $16 {1/2-1/2 Wang Yue-Dominguez Perez,L/Sofia BUL
2009/The Week in Chess 758 (64)}) 17. Rd1 Qe7 18. Qa3 Nb4 $5 19. O-O Bg4 $5 20.
f3 (20. Qxa7 Bxd1 21. Rxd1 Ng4 $132) 20... Bh6 $5 {[%mdl 512]} 21. fxg4 Nxg4 {
[%cal Rh6e3,Re7h4]} 22. Rxf7 $5 (22. Bxf7+ Kg7 $1) ({The fate of Black's
novelty probably depends on the evaluation of} 22. Rf3 $1 {Here is a possible
line:} Qxh4 (22... e4 23. Rxf7 Rxf7 24. Bxf7+ Kxf7 25. Qb3+ Kf8 (25... Kg7 26.
Qc3+ {-that's the point!}) 26. Rf1+ Kg7 27. Qc3+ Ne5 28. Qc7 Bxe3+ 29. Kh1 $16)
23. Nf1 $1 (23. Qxb4 Qh2+ 24. Kf1 Nxe3+ 25. Rxe3 Bxe3 $132) 23... Nc2 $1 {
[%cal Rc2a3,Rh6e3]} 24. Qxf8+ $1 Bxf8 25. Bxf7+ (25. Rxf7 Ncxe3) 25... Kh8 $1
26. Bb3 Bc5 27. Bxc2 e4 $1 28. Bxe4 Nxe3 29. Nxe3 Qxe4 30. Kf2 b5 $1 31. Rd8+ (
31. Nc7 $2 Bxe3+ 32. Rxe3 Qc2+) (31. b4 Bd4 $5) 31... Kg7 {and Black's
counterplay should be enough for a draw.}) 22... Rxf7 23. Nf1 (23. Bxf7+ Kg7 $1
) 23... Kg7 24. Bxf7 Qxf7 25. Qxb4 {White has nothing better than allowing a
perpetual.} Qf2+ 26. Kh1 Qxh4+ 27. Kg1 Qf2+ 28. Kh1 Qh4+ 29. Kg1 Bxe3+ 30. Nxe3
Qf2+ 31. Kh1 Qh4+ 32. Kg1 Qf2+ 33. Kh1 Qh4+ 1/2-1/2

[Event "Lubbock SPICE Cup"]
[Site "Lubbock"]
[Date "2008.09.22"]
[Round "4"]
[White "Kaidanov, Gregory S"]
[Black "Mikhalevski, Victor"]
[Result "0-1"]
[WhiteElo "2605"]
[BlackElo "2592"]
[Annotator "Mikhalevski,V"]
[PlyCount "164"]
[EventDate "2008.09.19"]
[EventType "tourn"]
[EventRounds "9"]
[EventCountry "USA"]
[EventCategory "15"]
[SourceTitle "CBM 126"]
[Source "ChessBase"]
[SourceDate "2008.10.01"]
[SourceVersion "1"]
[SourceVersionDate "2008.10.01"]
[SourceQuality "1"]

1. d4 Nf6 2. c4 g6 3. Nc3 d5 4. Bf4 Bg7 5. e3 c5 6. dxc5 Qa5 7. Rc1 dxc4 8.
Bxc4 O-O 9. Nge2 Qxc5 10. Qb3 Qa5 {A relatively quiet and rare continuation.} (
10... Nc6 11. Nb5 Qh5 12. Ng3 Qh4 13. Nc7 {1-0 Mamedyarov,S (2646)-Eljanov,P 
(2639)/Gothenburg 2005/CBM 109/[Krasenkow] (66) is more popular and leads to
very sharp positions.}) 11. O-O Nc6 12. Rfd1 {White has been playing for
domination and allows Black to exchange the dark-squared bishop by means of
Nh5.} (12. h3 {with the idea to save the bishop from exchange doesn't promise
much. Thus after} Ne5 13. Bxe5 Qxe5 14. Rfd1 Rb8 15. Nd4 Bd7 16. a4 a6 17. Be2
Rfc8 18. Qa3 Bf8 19. b4 e6 20. Nf3 Qa5 21. Rb1 Qc7 22. Rdc1 a5 $15 {I obtained
a better position in 0-1 Kuzmin,A (2583)-Mikhalevski,V (2523)/Port Erin 2003/
CBM 096 ext (40) and eventually won the game.}) 12... Nh5 {[%csl Rf4]} 13. a3 {
[%cal Gb3a2,Gb2b4,Gd1d5] An interesting idea. White prevents an exchange of
queens on b4 and prepares both an advance of the b-pawn after the preliminary
Qa2 and 14.Rd5 attacking the queen.} Nxf4 14. Nxf4 {[%csl Rb7] It was only
here that I started to think and, in fact, I spent a lot of time on my next
move. Black's main problem here is the development of his queenside.} Bg4 $5
$146 {This way I decided to provoke weakening of the e3-pawn and then to come
back to c8. It seemed to me that a loss of two tempi is justified.} ({In the
only preceding game Black played} 14... e6 15. Be2 Rd8 16. Nd3 $6 ({After} 16.
Rxd8+ $5 Qxd8 17. Rd1 Qb6 18. Qc2 $14 {Black still has problems to solve.})
16... Bd7 17. Ne4 $11 {1/2-1/2 Kraidman,Y (2470)-Schmidt,W (2500)/Nice 1974/
EXT 2000 (77)}) 15. f3 {[%csl Re3]} (15. Rd5 Qc7 16. Rc5 $13 {was interesting,
but not entirely clear.}) 15... Bc8 16. Nfd5 $2 {An almost inexplicable
mistake. Somehow Gregory seems to have missed my obvious reply.} (16. Bb5) (16.
Na4 $1 {[%cal Ga4c5] would be the most unpleasant for Black idea.} e6 {
Preventing Nc5.} (16... Qe5 $5) 17. Bd3 {[%cal Ga4c5,Gd3e4]} Rd8 18. Be4 Rxd1+
19. Qxd1 $14 {and Black is still under pressure.}) 16... e6 17. Nf4 (17. Nb4 {
was possible with the idea to meet} Qe5 {with} 18. Na4 {However after} Na5 19.
Qd3 b6 {Black is fine.}) 17... Qe5 $15 {[%csl Re3] Now I had a feeling that
Black should be at least ok.} 18. Rd3 {Having in mind the unfortunate position
of White's pieces I didn't want to exchange his light-squared bishop, which,
as I thought, would make his task easier.} (18. Kf2 $5 {deserved attention.})
18... b6 {[%cal Gc8b7]} ({Nevertheless the simple} 18... Na5 $5 19. Qb5 Nxc4
20. Qxc4 b6 $15 {was worth a try.} ({On the other hand} 20... Bd7 {[%cal Gd7c6]
is strongly met by} 21. Nxg6 $1 {I didn't see this idea during the game.} hxg6
22. f4 b5 23. fxe5 bxc4 24. Rxd7 Bxe5 25. Na4 $11 {with equality.})) 19. Qa4 $1
Na5 $1 {Now I felt that this move is necessary. Delaying it allowed me to
avoid exchanges.} ({After} 19... Bb7 20. Ba6 $1 {White obtains good chances to
equalize.}) 20. Bb5 a6 {The idea behind this move is to exploit the
uncomfortable position of the light-squared bishop.} ({Probably} 20... Bb7 $5 {
would be more precise. Now after} 21. b4 a6 22. bxa5 axb5 23. Qxb5 Ba6 $1 {
I didn't see this intermediate move.} 24. Qxe5 Bxe5 25. Rdd1 (25. Rd7 Bc8 26.
Rd3 Rxa5 $15) 25... bxa5 $15 {Black retains better chances.}) 21. Bc6 Ra7 22.
Nfe2 $1 {[%cal Gf3f4] Freeing the bishop thanks to the intermediate f4.} Rc7 $5
(22... Nxc6 23. Qxc6 Rc7 24. Qxb6 Rb7 25. Qxa6 Rxb2 26. Qd6 Qa5 $36 {would
lead to a position with very good compensation for a pawn, but I wanted to
keep my queenside pawns.}) 23. f4 Qf6 24. Bf3 Nc4 25. Qb3 $6 {An inaccuracy.} (
25. Qb4 $1 {taking under control the e7-square was better, though after} a5 26.
Qb5 ({or} 26. Qb3 Ba6 $15) 26... Qf5 $15 {Black is still better.}) 25... Qe7
$15 {[%cal Gb6b5] Finally I managed to consolidate the position. At this point
there was no doubt that Black was better.} 26. a4 $1 {Not allowing me to
create an outpost on c4 by means of b5.} (26. Rcd1 b5 $15) 26... Bd7 {[%cal
Gf8c8] I was very happy to finally solve the problem of this bishop.} 27. Rcd1
Rfc8 28. h3 Be8 $1 $17 {[%cal Gb6b5] Now all my pieces work together. White is
in trouble.} 29. Kh2 Qc5 $1 {[%csl Re3] Attacking the main weakness of White's
position.} ({At the beginning I considered} 29... b5 {[%cal Gb5b4] to be
better, but it turns out that White can capture the pawn, retaining chances of
escaping.} 30. axb5 axb5 31. Nxb5 $1 Bxb5 $1 ({In case of} 31... Rb8 32. Nxc7
$1 Rxb3 33. Rxb3 Qxc7 34. Rc1 $11 {[%csl Rc4] White wins back the c4-knight.})
32. Qxb5 Nxb2 33. Rd7 Nxd1 34. Rxe7 Rxe7 35. e4 $15 {and Black still has to
solve technical problems on his way to a win.}) 30. e4 $2 {A decisive mistake,
which allows Black to take full control over the dark squares.} (30. Ne4 $5 {
was necessary, though after} Qa5 31. Rd8 b5 $17 {Black's advantage is out of
question.}) 30... g5 $1 $19 31. g3 (31. fxg5 Ne5 $1 $19 {is hopeless.}) 31...
Qf2+ $6 {Missing a simple win in time-trouble.} (31... gxf4 $1 32. gxf4 Qf2+
33. Bg2 Ne3 34. Rg1 Rxc3 $3 35. Nxc3 ({or} 35. bxc3 Qxe2 $19) 35... Qxf4+ 36.
Kh1 Be5 $19 {and a discovered check doesn't save White.}) 32. Bg2 Ne3 ({
Once again} 32... gxf4 $5 {was good enough for a win.} 33. Rf1 (33. gxf4 Ne3
34. Rg1 Rxc3 $1 $19 {transposes to 31...gxf4.}) 33... fxg3+ 34. Rxg3 Qc5 35.
Rf4 Kf8 $19 {[%cal Gg7e5] and White shouldn't survive.}) 33. Rg1 Bxc3 $6 {
An inaccuracy.} ({For the third time in a row I could play} 33... gxf4 $1 {
and after} 34. Nxf4 (34. gxf4 Rxc3 $1 $19) 34... Nc4 35. Nfe2 {Black comes up
with the astonishing} Bxa4 $3 $19) 34. Nxc3 gxf4 35. gxf4 Qxf4+ $6 {I missed
another beautiful resource, but Black retained better chances.} (35... Rd8 $3 {
This brilliant move contains a simple idea behind it: Black diflects the rook
from the third rank.} 36. Rxd8 (36. Nd1 {is better, but it only prolongs the
fight.} Qxf4+ 37. Kh1 Rxd3 38. Qxd3 Nxd1 39. Qxd1 Kf8 $17) 36... Qxf4+ 37. Kh1
Ng4 $1 {[%cal Gf4h2]} 38. Rxe8+ Kg7 39. hxg4 Qh6+ {and White gets mated.}) 36.
Kh1 Nc4 37. Ne2 $6 {Helping the queen to find a good square.} (37. Bf1+ Kf8 38.
Rdg3 $17 {was a better practical chance.}) 37... Qe5 38. Rg3+ Kf8 39. Qb4+ Rc5
40. b3 Nd6 {[%csl Re4][%cal Ga6a5]} 41. Rd3 (41. Qxb6 Nxe4 $17) 41... a5 (41...
Bc6 $5) 42. Qd2 {Obviously White is looking for his chances with the queens on
the board.} Nxe4 43. Qh6+ Ke7 44. Qh4+ Nf6 (44... Ng5 $5 $19 {is also enough
for a win.}) 45. Rf1 Qg5 46. Qd4 Qe5 47. Qh4 Qg5 (47... Rc2 $1 {was better.}
48. Nd4 (48. Rdf3 Bc6 49. Rxf6 Bxg2+ 50. Kxg2 Rxe2+ $19) 48... Rc1 $1 $19 {
and Black is two pawns up without compensation.}) 48. Qd4 Bc6 49. Qd6+ Ke8 50.
Rg3 Qe5 $2 {After this miscalculation the game starts from the beginning.} ({
The correct path is} 50... Bxg2+ 51. Rxg2 Qd5 52. Qg3 (52. Qf4 Qf5) 52... Qd8
53. Rgf2 Rf5 $1 $17 {and Black retains an extra pawn.}) 51. Bxc6+ R8xc6 52.
Qxe5 Rxe5 53. Nd4 $1 {I missed this move.} Rd6 54. Nb5 {White wins an exchange.
} Rxb5 55. axb5 Ke7 $11 {Now the position is about equal.} (55... Nd7 $5) 56.
Rgf3 e5 57. Rf5 Re6 58. Kg2 h6 $1 {Preparing to sacrifice the f7-pawn for
activity. The rest was played in the mutual time-trouble.} 59. R1f3 $2 (59. Kg1
$5 {Provoking} e4 {was better.} 60. R1f4 e3 61. Kf1 Ne4 62. Rxf7+ Kd6 $11)
59... Nd5 $1 {It seems that White missed this resource.} 60. Rxf7+ Kd6 {
[%csl Rb5] Suddenly White has to solve unplesant problems.} 61. Rd3 $6 (61. Kf2
$5) 61... Kc5 62. Kf2 e4 63. Rd1 Re5 $1 {Now the fifith rank is important for
Black.} 64. Rc1+ Kxb5 $2 {Missing White's move.} ({After} 64... Kb4 $1 $17 {
Black is clearly better.}) 65. Rc4 $1 {Now it's close to equality again.} e3+ (
65... Nb4 $5) 66. Ke1 $1 (66. Ke2 $2 {allows} a4 $1 {[%csl Re2]}) 66... Rg5 67.
Rg4 Rh5 $1 {By provoking h4 I take away this square from White's rook.} 68. h4
Re5 69. Rd4 Kc5 70. Rc4+ Kb5 71. Rd7 $2 {White has overestimated his chances.}
({It was necessary to repeat the position by means of} 71. Rd4 $11) 71... Rf5
$2 ({After the correct} 71... e2 $1 $17 {[%cal Gd5e3] with the idea of Ne3
Black is better.}) 72. Rd6 $6 (72. Re4 $5 {was better.} Nf4 73. Rg7 Nd3+ 74.
Ke2 Nc1+ 75. Kxe3 Nxb3 $11) 72... Nf4 {[%cal Gf4g2]} 73. Rc2 $2 {Too passive.}
({The immediate} 73. Rcc6 {was necessary.} Ng2+ 74. Kd1 Kb4 $1 (74... Rf1+ 75.
Kc2 e2 {leads to a draw by perpetual.} 76. Rxb6+ Kc5 77. Rbc6+ Kb4 78. Rc4+ Kb5
79. Rd5+ $11) 75. Rxb6+ Ka3 76. Rd4 (76. Re6 $5 Kb2 $1 $17) 76... Kb2 $1 77.
Re6 $1 h5 (77... a4 78. bxa4 Kc3 79. Rde4 $1 Rf1+ 80. Ke2 Rf2+ 81. Kd1 Kd3 82.
Kc1 $11) 78. Rd7 (78. Ree4 $5) 78... Rf1+ 79. Ke2 Rf2+ 80. Kd1 Kxb3 $15 {
and Black retains chances to win the game.}) 73... Rh5 $1 {[%csl Re1,Rh4]} 74.
Rcc6 {Now White is late with counterplay.} Rxh4 {[%csl Re1][%cal Gh4h1]} 75.
Rxb6+ Kc5 76. Rbc6+ Kb4 77. Rxh6 Rg4 {[%cal Gg4g1]} 78. Rb6+ $2 (78. Rh1 {
was the very last chance, though I believe Black should be able to win anyway.}
) 78... Kc3 79. Rh1 Rg2 $19 {[%cal Gf4d3] Now White has no hope.} 80. Rc6+ Kb2
$1 81. Rd6 Re2+ $1 82. Kd1 ({or} 82. Kf1 Rf2+ 83. Ke1 (83. Kg1 Ne2#) 83... Ng2+
84. Kd1 e2+ $19) 82... Rc2 $1 {[%cal Gc2c1]} (82... Rc2 $1 {and White resigned
not waiting for} 83. Ke1 Ng2+ 84. Kf1 (84. Kd1 e2#) 84... e2+ $19 {A beautiful
end to this dramatic game.}) 0-1